Nuevo Testamento / (Record no. 33569)

MARC details
000 -LEADER
campo de control de longitud fija 00700nam a2200193 i 4500
001 - NÚMERO DE CONTROL
campo de control 33569
003 - IDENTIFICADOR DE NÚMERO DE CONTROL
campo de control ES-MaACL
005 - FECHA Y HORA DE LA ÚLTIMA TRANSACCIÓN
campo de control 20230906154800.0
007 - CAMPO FIJO DE DESCRIPCIÓN FÍSICA--INFORMACIÓN GENERAL
campo de control de longitud fija t|
008 - DATOS DE LONGITUD FIJA--INFORMACIÓN GENERAL
campo de control de longitud fija 030202s1959 sp ||||1| spa d
130 0# - ENTRADA PRINCIPAL--TÍTULO UNIFORME
Título uniforme Biblia.
Nombre de parte o sección de la obra N.T.
Lenguaje de la obra Español.
9 (RLIN) 119294
245 10 - MENCIÓN DEL TÍTULO
Título Nuevo Testamento /
Mención de responsabilidad, etc. traducido de la Vulgata latina teniendo a la vista los textos originales por José Miguel Petisco ; dispuesta y publicada por Félix Torres Amat.
250 ## - MENCION DE EDICION
Mención de edición 4ª ed.
260 ## - PUBLICACIÓN, DISTRIBUCIÓN, ETC.
Lugar de publicación, distribución, etc. Madrid :
Nombre del editor, distribuidor, etc. Apostolado de la Prensa,
Fecha de publicación, distribución, etc. [1959] (
Fabricante Escelicer)
300 ## - DESCRIPCIÓN FÍSICA
Extensión XLVII, 639 p. ;
Dimensiones 15 cm.
700 1# - ENTRADA AGREGADA--NOMBRE PERSONAL
Nombre de persona Petisco, José Miguel.
9 (RLIN) 91495
700 1# - ENTRADA AGREGADA--NOMBRE PERSONAL
Nombre de persona Torres Amat, Félix.
9 (RLIN) 110925
852 ## - LOCALIZACIÓN
Ubicación ES-MaACL
Número de control de estantería C-17380
Sublocalización o colección R.44809
Holdings
Estatus retirado Estado de pérdida Estado de daño No para préstamo Biblioteca de origen Biblioteca actual Ubicación en estantería Fecha de adquisición Fuente de adquisición Total de préstamos Signatura topográfica completa Código de barras Visto por última vez Precio de reemplazo Tipo de ítem Koha
        Biblioteca del Ateneo de Madrid Biblioteca del Ateneo de Madrid Galería 17/01/2008     C-17380 1034931 23/02/2023 23/02/2023 Libro impreso